BSOP header

Across the philosophical silk road : (Record no. 54134)

MARC details
000 -LEADER
fixed length control field 00855nam a22002177a 4500
005 - DATE AND TIME OF LATEST TRANSACTION
control field 20250704084014.0
008 - FIXED-LENGTH DATA ELEMENTS--GENERAL INFORMATION
fixed length control field 250704b |||||||| |||| 00| 0 eng d
020 ## - INTERNATIONAL STANDARD BOOK NUMBER
International Standard Book Number 9789715065498
040 ## - CATALOGING SOURCE
Original cataloging agency bsop
245 ## - TITLE STATEMENT
Title Across the philosophical silk road :
Remainder of title a festschrift in honor of Alfredo P. Co : celebratory essays and testimonials /
Statement of responsibility, etc Jun Arvie Guerrero Bello, editor
264 ## - PRODUCTION, PUBLICATION, DISTRIBUTION, MANUFACTURE STATEMENTS
Place of production, publication, distribution, manufacture España, Manila :
Name of producer, publisher, distributor, manufacturer <a href="University of Santo Tomas Pub. House,">University of Santo Tomas Pub. House,</a>
Date of production, publication, distribution, manufacture c2009.
300 ## - PHYSICAL DESCRIPTION
Extent xxxiii, 202 pages ; 26 cm
336 ## - CONTENT TYPE
Content Type Term text
337 ## - MEDIA TYPE
Media Type Term unmediated
338 ## - CARRIER TYPE
Carrier Type Term volume
505 0# - FORMATTED CONTENTS NOTE
Formatted contents note Acknowledgments--Foreword--Preface--The Festschrift--The Festschrift Committee--Introduction to the Volumes--Celebratory Essays--Testimonials--
650 ## - SUBJECT ADDED ENTRY--TOPICAL TERM
Topical term or geographic name as entry element Philosophy
Geographic subdivision Philippine
700 ## - ADDED ENTRY--PERSONAL NAME
Personal name Co, Alfredo P.
700 ## - ADDED ENTRY--PERSONAL NAME
Personal name Bello, Jun Arvie Guerrero
Relator term editor
942 ## - ADDED ENTRY ELEMENTS (KOHA)
Source of classification or shelving scheme Library of Congress Classification
Item type Books
Holdings
Withdrawn status Lost status Source of classification or shelving scheme Damaged status Not for loan Home library Current library Shelving location Date acquired Inventory number Total Checkouts Full call number Barcode Date last seen Price effective from Koha item type
    Library of Congress Classification     BSOP Library BSOP Library Filipiniana 07/04/2025 49241   B5222 Ac7 2009 00061698 07/04/2025 07/04/2025 Books
BSOP

Biblical Seminary of the Philippines
  All rights Reserved
  © 2024

CONTACT INFORMATION

Biblical Seminary of the Philippines,
  77-B Karuhatan Road, Valenzuela City,
  PHILIPPINES 1441
  Phone: +632 8292-6795 / 8292-6798
  Fax : +632 8292-6675
  Email: library@bsop.edu.ph